000
00263nam a2200121 a 4500
001
4140
005
20140414132040.0
008
090218s19uu xx 00 eng d
050
_a
BB
_b
Q2 2006
100
_a
De Jesus, Rafael
245
_a
Quack!.
999
_c
113823
_d
113823